000 00672nam a22001937a 4500
003 OSt
005 20260430015932.0
008 260430b |||||||| |||| 00| 0 eng d
020 _a9789710326860
040 _aDWCL Main Lib.
_cOC
082 _aFil. 005.3682 E96 2010
110 _aComputer Assisted Learning Corporation
245 _aExperiencing ICT :
_bweb development 2 /
_cComputer Assisted Learning Corporation
260 _aQuezon City, Philippines :
_bComputer Assisted Learning Corporation,
_cc2010.
300 _a260 pages :
_bcolor illustrations ;
_c27 cm.
500 _aStudent's manual.
650 _a1. Computer programming.
942 _2ddc
_cBK - FIL
_n0
999 _c10064
_d10064